[Event "Drewer- Oberhausen"]
[Site "?"]
[Date "2023.05.14"]
[Round "9.3"]
[White "Kyas, Jens"]
[Black "Riegermann, Ulrich"]
[Result "1-0"]
[WhiteElo "1905"]
[BlackElo "1760"]
[PlyCount "83"]
[SourceDate "2022.10.02"]

1. e4 d6 2. d4 Nf6 3. Nc3 Nbd7 4. Bc4 e5 5. Nf3 Be7 6. O-O c6 7. Bb3 h6 8. dxe5
dxe5 9. Qe2 Qc7 10. Bd2 b5 11. a4 Nc5 12. axb5 Nxb3 13. cxb3 Bd7 14. bxc6 Bxc6
15. Rfc1 Qb8 16. Qc4 Bd7 17. Nd5 Nxd5 18. Qxd5 Be6 19. Qxe5 O-O 20. Qxb8 Rfxb8
21. Rc7 Bf6 22. e5 Bd8 23. Rcxa7 Rxa7 24. Rxa7 Bxb3 25. Bc3 Bb6 26. Ra1 Bd5 27.
Nd4 Bxd4 28. Bxd4 Kf8 29. Bc5+ Ke8 30. b4 Kd7 31. Ra6 Bc4 32. Rd6+ Kc7 33. f4
Ra8 34. Bb6+ Kb7 35. Ba5 Ra6 36. Rxa6 Bxa6 37. Kf2 Kc6 38. Ke3 Kd5 39. Bc7 h5
40. f5 g6 41. e6 fxe6 42. fxg6 1-0

[Event "Drewer- Oberhausen"]
[Site "?"]
[Date "2023.05.14"]
[Round "9.4"]
[White "Uhlich, Wilfried"]
[Black "Kuckelkorn, Joerg"]
[Result "1-0"]
[WhiteElo "1835"]
[BlackElo "1813"]
[PlyCount "79"]
[SourceDate "2022.10.02"]

1. d4 f5 2. e4 fxe4 3. Nc3 Nf6 4. Bg5 Nc6 5. d5 Ne5 6. Qd4 Nf7 7. Nh3 c6 8.
O-O-O cxd5 9. Nxd5 e5 10. Qc4 Bd6 11. Bxf6 gxf6 12. Qxe4 Be7 13. f4 d6 14. f5
Bd7 15. Be2 Bc6 16. Bh5 Rf8 17. Nhf4 Bxd5 18. Nxd5 Qd7 19. Rd3 Kd8 20. h4 Nh6
21. g4 Rc8 22. Rhd1 Rc6 23. Ra3 b6 24. Rdd3 Ng8 25. Rac3 Rc5 26. Rxc5 bxc5 27.
Rb3 Qc6 28. c4 Kd7 29. Qe1 Bd8 30. Rd3 Ne7 31. Qe3 Nxd5 32. Rxd5 Ke7 33. Qh6
Rf7 34. Bxf7 Kxf7 35. Qxh7+ Kf8 36. Qxa7 Bb6 37. Qa6 Kg7 38. a4 Qc7 39. Qb5 Ba5
40. Qe8 1-0

[Event "Drewer- Oberhausen"]
[Site "?"]
[Date "2023.05.14"]
[Round "9.5"]
[White "Matthes, Severin"]
[Black "Nordhoff, Georg"]
[Result "1-0"]
[WhiteElo "1889"]
[BlackElo "1611"]
[PlyCount "57"]
[SourceDate "2022.10.02"]

1. e4 e5 2. Nf3 Nc6 3. Bb5 d6 4. d4 exd4 5. Nxd4 Bd7 6. O-O Ne5 7. Be2 Nf6 8.
Nc3 Be7 9. f4 Ng6 10. Be3 c5 11. Ndb5 Bxb5 12. Bxb5+ Nd7 13. e5 a6 14. exd6
axb5 15. dxe7 Qxe7 16. Nd5 Qd6 17. f5 Nge5 18. f6 O-O-O 19. Ne7+ Kc7 20. Qxd6+
Kxd6 21. Rad1+ Ke6 22. fxg7 Kxe7 23. gxh8=Q Rxh8 24. Rd5 Ke6 25. Rfd1 b6 26.
Bf4 Rb8 27. Rxd7 Nxd7 28. Rxd7 Kxd7 29. Bxb8 1-0

[Event "Drewer- Oberhausen"]
[Site "?"]
[Date "2023.05.14"]
[Round "9.6"]
[White "Berner, Henri"]
[Black "Hortolani, Holger"]
[Result "0-1"]
[WhiteElo "1726"]
[BlackElo "2027"]
[PlyCount "64"]
[SourceDate "2022.10.02"]

1. d4 Nf6 2. Bg5 c5 3. d5 d6 4. Nc3 Qa5 5. f3 b5 6. a3 g6 7. e4 a6 8. b4 Qc7 9.
Qd2 Nbd7 10. Nh3 Bg7 11. Rb1 O-O 12. Be2 cxb4 13. axb4 h6 14. Be3 Ne5 15. Nf2
Nfd7 16. Na2 Nb6 17. Bxb6 Qxb6 18. O-O f5 19. Kh1 f4 20. Nc1 Bd7 21. Nb3 Rac8
22. Na5 g5 23. Ng4 Nc4 24. Bxc4 bxc4 25. c3 h5 26. Nf2 Qe3 27. Qxe3 fxe3 28.
Nh3 Bxc3 29. Nxg5 e2 30. Rg1 Bd2 31. h4 c3 32. Rge1 c2 0-1

[Event "Drewer- Oberhausen"]
[Site "?"]
[Date "2023.05.14"]
[Round "9.7"]
[White "Barutta, Larissa"]
[Black "Herche, Niklas"]
[Result "1-0"]
[WhiteElo "1763"]
[BlackElo "1614"]
[PlyCount "117"]
[SourceDate "2022.10.02"]

1. d4 d5 2. c4 e6 3. Nc3 c6 4. Nf3 Bd6 5. e4 dxe4 6. Nxe4 Bc7 7. Bd3 h6 8. O-O
Nf6 9. Qe2 Nbd7 10. Rd1 O-O 11. Nxf6+ Nxf6 12. Ne5 Qe7 13. Bc2 Rd8 14. Rd3 Bxe5
15. dxe5 Nh7 16. Rg3 Kh8 17. Qg4 f5 18. Qg6 Nf8 19. Qh5 Kh7 20. Rh3 Qe8 21.
Qxe8 Rxe8 22. b3 Ng6 23. f4 Ne7 24. Kf2 Rd8 25. Rd3 Rxd3 26. Bxd3 c5 27. g4 g6
28. gxf5 gxf5 29. Be3 b6 30. Rg1 Bb7 31. Be2 Rd8 32. Bh5 a5 33. Ke2 Bc8 34. Bf2
Bd7 35. Bh4 Be8 36. Bxe8 Rxe8 37. Bf6 Ng6 38. Ke3 Rb8 39. a4 Rb7 40. Rd1 Nf8
41. Rd6 Kg6 42. Bd8 Rd7 43. Bxb6 Rxd6 44. exd6 Nd7 45. Bxa5 Kf7 46. Bc7 Ke8 47.
a5 Nf6 48. a6 Ng4+ 49. Ke2 Kd7 50. a7 Nxh2 51. a8=Q Ng4 52. Qd8+ Kc6 53. Qe8+
Kb7 54. Ba5 Nf6 55. Qe7+ Nd7 56. Qxd7+ Kb8 57. Qc7+ Ka8 58. Bb6 e5 59. Qa7# 1-0

[Event "Drewer- Oberhausen"]
[Site "?"]
[Date "2023.05.14"]
[Round "9.8"]
[White "Kueppers, Peter"]
[Black "Muehlberger, Armin"]
[Result "0-1"]
[WhiteElo "1355"]
[BlackElo "1336"]
[PlyCount "38"]
[SourceDate "2022.10.02"]

1. d4 d5 2. c4 Nc6 3. Nf3 e6 4. Nc3 Nf6 5. e3 Be7 6. Bd3 O-O 7. O-O a5 8. a3 b6
9. Re1 Re8 10. Qc2 dxc4 11. Bxc4 Ba6 12. Bxa6 Rxa6 13. Bd2 Ra8 14. Nb5 Qd7 15.
Rac1 Na7 16. Ne5 Qxb5 17. Qxc7 Ne4 18. Red1 Nxd2 19. Rxd2 Rec8 0-1

[Event "Unna- Katernberg 4"]
[Site "?"]
[Date "2023.05.14"]
[Round "9.1"]
[White "Jahrke, Jonas"]
[Black "Barskij, Aleksandr"]
[Result "0-1"]
[WhiteElo "1838"]
[BlackElo "1889"]
[PlyCount "130"]
[SourceDate "2022.10.02"]

1. d4 Nf6 2. Nf3 e6 3. g3 b6 4. Bg2 Bb7 5. c4 Bb4+ 6. Bd2 Be7 7. Nc3 O-O 8. Qc2
d5 9. cxd5 exd5 10. O-O Na6 11. a3 c5 12. Rfd1 Nc7 13. dxc5 bxc5 14. Nh4 g6 15.
e4 d4 16. Bh6 Re8 17. e5 Nfd5 18. Ne4 Ne6 19. Nf3 Qb6 20. Nfd2 Rad8 21. Nc4 Qc7
22. Ned6 Bxd6 23. Nxd6 Rxd6 24. exd6 Qxd6 25. Rac1 Ba6 26. Qa4 Ndc7 27. Qc6
Qxc6 28. Bxc6 Rb8 29. Rd2 c4 30. Bf4 Nxf4 31. gxf4 Rd8 32. Be4 Ne6 33. f5 Ng5
34. Bg2 gxf5 35. f3 f4 36. h4 Ne6 37. Bf1 d3 38. b3 Nd4 39. Rg2+ Kf8 40. bxc4
Bxc4 41. Rxc4 d2 42. Rxd2 Nxf3+ 43. Kf2 Nxd2 44. Rxf4 Nxf1 45. Kxf1 Rd5 46. Ra4
a5 47. Ke2 Ke7 48. Ke3 Ke6 49. Kf4 h5 50. Rc4 Kd6 51. Ra4 Kc6 52. Ke4 Rc5 53.
Kf4 Kb5 54. Rd4 f6 55. a4+ Kc6 56. Ke4 Re5+ 57. Kd3 Rd5 58. Ke3 Rxd4 59. Kxd4
Kd6 60. Ke4 Ke6 61. Kf4 f5 62. Kg5 Ke5 63. Kxh5 f4 64. Kg4 Ke4 65. h5 f3 0-1

[Event "Unna- Katernberg 4"]
[Site "?"]
[Date "2023.05.14"]
[Round "9.2"]
[White "Kraemer, Sascha"]
[Black "Mamikonyan, Davit"]
[Result "0-1"]
[WhiteElo "1874"]
[BlackElo "1913"]
[PlyCount "98"]
[SourceDate "2022.10.02"]

1. e4 e6 2. d4 d5 3. Nd2 Nf6 4. e5 Nfd7 5. Bd3 c5 6. c3 Nc6 7. Ne2 Be7 8. Nf3
a6 9. a3 b5 10. O-O c4 11. Bc2 a5 12. Ne1 Bb7 13. f4 g6 14. g4 Qb6 15. Kh1 h5
16. g5 a4 17. Ng2 O-O-O 18. Be3 Rdf8 19. h4 Na5 20. Qd2 Bd8 21. Nc1 Nb3 22.
Bxb3 axb3 23. Ne2 Qc6 24. Rae1 Nb6 25. Bg1 Be7 26. Bh2 Kc7 27. f5 gxf5 28. Ngf4
Rfg8 29. Ng3 Rh7 30. Ngxh5 Rgh8 31. Qe2 Na4 32. Bg3 Bxa3 33. bxa3 Nxc3 34. Qf3
Ne4 35. Rg1 c3 36. g6 fxg6 37. Nxg6 Rxh5 38. Nxh8 Rxh8 39. Qd3 b2 40. Qc2 Qc4
41. Rd1 Qa4 42. Qxa4 bxa4 43. Rg2 Rg8 44. Rc2 Rxg3 45. Kh2 Rg4 46. Kh3 Ba6 47.
Rb1 Bc4 48. h5 Kd7 49. h6 Rg6 0-1

[Event "Unna- Katernberg 4"]
[Site "?"]
[Date "2023.05.14"]
[Round "9.3"]
[White "Sikorski, Thomas"]
[Black "Humpert, Dominik"]
[Result "0-1"]
[WhiteElo "1652"]
[BlackElo "1814"]
[PlyCount "142"]
[SourceDate "2022.10.02"]

1. c4 e5 2. Nc3 Nc6 3. Nf3 f5 4. d4 e4 5. d5 exf3 6. dxc6 fxg2 7. cxd7+ Qxd7 8.
Qxd7+ Bxd7 9. Bxg2 O-O-O 10. O-O Ne7 11. b4 Ng6 12. Bg5 Re8 13. c5 h6 14. Be3
Ne5 15. b5 c6 16. a4 Be7 17. Bd4 Bf6 18. e3 f4 19. Ne4 f3 20. Bh1 Re6 21. Nxf6
gxf6 22. Bxe5 Rxe5 23. Bxf3 Rxc5 24. Rfc1 Rg8+ 25. Kf1 Rgg5 26. Ke2 cxb5 27. h4
Rge5 28. axb5 Bxb5+ 29. Kd2 Kb8 30. Rg1 Re8 31. Rg7 Bc6 32. Bxc6 Rxc6 33. Rg6
h5 34. Rh6 Re5 35. Rg1 a5 36. Rgg6 Rd5+ 37. Ke2 Rf5 38. e4 Rc2+ 39. Ke3 Rfxf2
40. Rxh5 Rce2+ 41. Kd3 Ra2 42. Rb5 Ra3+ 43. Kd4 Ra4+ 44. Kd5 Rd2+ 45. Ke6 Rxe4+
46. Kxf6 Rd6+ 47. Kf5 Rxg6 48. Kxe4 a4 49. h5 Ra6 50. Kf5 a3 51. Rb1 a2 52. Ra1
b5 53. Ke5 Kb7 54. Kd5 Kb6 55. h6 Ra8 56. h7 Rd8+ 57. Ke4 Rh8 58. Rxa2 Rxh7 59.
Kd4 Rc7 60. Kd3 b4 61. Ra8 Kb5 62. Kd2 b3 63. Kd1 Kb4 64. Rb8+ Ka3 65. Kd2 b2
66. Ra8+ Kb3 67. Rb8+ Ka2 68. Ra8+ Kb1 69. Rb8 Ra7 70. Kc3 Ka1 71. Rxb2 Rc7+
0-1

[Event "Unna- Katernberg 4"]
[Site "?"]
[Date "2023.05.14"]
[Round "9.4"]
[White "Solberg, Kirsten"]
[Black "Wolff, Michael"]
[Result "1-0"]
[WhiteElo "1823"]
[BlackElo "1708"]
[PlyCount "69"]
[SourceDate "2022.10.02"]

1. e4 c5 2. Nf3 Nc6 3. d4 cxd4 4. Nxd4 Nf6 5. Nc3 e5 6. Nxc6 bxc6 7. Bd3 Be7 8.
O-O O-O 9. f4 d6 10. Kh1 Rb8 11. fxe5 dxe5 12. Rb1 Be6 13. Be3 Qc7 14. Qe1 Ng4
15. Bg1 a5 16. a3 g6 17. h3 Nf6 18. Be3 Ne8 19. Qe2 Ng7 20. Bh6 Qa7 21. Be3 Qc7
22. Bc4 Rfd8 23. Bh6 Bxc4 24. Qxc4 Ne6 25. Rxf7 Kxf7 26. Rf1+ Bf6 27. Bg5 Qe7
28. Rxf6+ Qxf6 29. Bxf6 Kxf6 30. Qxc6 Rxb2 31. Nd5+ Kf7 32. Qc3 Rb1+ 33. Kh2
Rf1 34. Qxa5 Rd7 35. Qb5 1-0

[Event "Unna- Katernberg 4"]
[Site "?"]
[Date "2023.05.14"]
[Round "9.6"]
[White "Franck, Axel"]
[Black "Zell, Stefan"]
[Result "1/2-1/2"]
[WhiteElo "1714"]
[BlackElo "1644"]
[PlyCount "92"]
[SourceDate "2022.10.02"]

1. b4 e5 2. Bb2 Bd6 3. c4 c6 4. c5 Bc7 5. Nf3 Qe7 6. e3 Nf6 7. Nc3 O-O 8. Qc2
d5 9. cxd6 Bxd6 10. a3 Bg4 11. Ne4 Nbd7 12. Nxd6 Qxd6 13. Be2 Bh5 14. h3 Bg6
15. Qb3 h6 16. d3 Rac8 17. O-O Rfe8 18. Rfd1 Qb8 19. e4 Re7 20. Nh4 Bh7 21. g4
Re6 22. Ng2 Rce8 23. h4 Nf8 24. f3 R6e7 25. Bc1 Qc8 26. Be3 b6 27. Rac1 Ne6 28.
Qc3 Nd4 29. Bxd4 exd4 30. Qxd4 Rd7 31. Qc3 Rc7 32. Ne3 Rd8 33. Kf2 Qe6 34. Nf5
Bxf5 35. gxf5 Qe7 36. Rg1 Nh5 37. Rg4 Nf6 38. Rg2 Ne8 39. Rh1 c5 40. Qd2 Kh7
41. Qe3 cxb4 42. axb4 Qxb4 43. f4 Qd4 44. Qxd4 Rxd4 45. Ra1 Rb4 46. Ke3 a5
1/2-1/2

[Event "Unna- Katernberg 4"]
[Site "?"]
[Date "2023.05.14"]
[Round "9.7"]
[White "Schmitthoefer, Herbert"]
[Black "Hendler, Markus"]
[Result "0-1"]
[WhiteElo "1600"]
[BlackElo "1795"]
[PlyCount "38"]
[SourceDate "2022.10.02"]

1. d4 Nf6 2. Nf3 g6 3. c4 Bg7 4. Nc3 O-O 5. e4 d6 6. h3 e5 7. d5 a5 8. Be2 Na6
9. Be3 Nd7 10. Qd2 Ndc5 11. Bh6 f5 12. Bxg7 Kxg7 13. exf5 gxf5 14. g4 f4 15.
O-O-O Nb4 16. Kb1 Qf6 17. Ka1 a4 18. g5 Qg6 19. Nh4 Nb3+ 0-1

[Event "Winz Baak- Kirchhellen"]
[Site "?"]
[Date "2023.05.14"]
[Round "9.1"]
[White "Sinnwell, Horst"]
[Black "Schwake, Peter"]
[Result "1-0"]
[WhiteElo "1979"]
[BlackElo "1820"]
[PlyCount "41"]
[SourceDate "2022.10.02"]

1. Nf3 d5 2. c4 e6 3. e3 Nf6 4. d4 c5 5. Be2 cxd4 6. Nxd4 Bb4+ 7. Bd2 Bxd2+ 8.
Nxd2 e5 9. N4f3 Nc6 10. cxd5 Nxd5 11. O-O O-O 12. a3 Qe7 13. Qc2 Be6 14. b4
Rac8 15. Qb2 f6 16. Rfd1 Nb6 17. Rac1 Qf7 18. Ne4 Na4 19. Qa1 Rcd8 20. Bb5 Bd5
21. Rxd5 1-0

[Event "Winz Baak- Kirchhellen"]
[Site "?"]
[Date "2023.05.14"]
[Round "9.2"]
[White "Boetzel, Martin"]
[Black "Hoffterheide, Thomas"]
[Result "0-1"]
[WhiteElo "1739"]
[BlackElo "1982"]
[PlyCount "78"]
[SourceDate "2022.10.02"]

1. d4 Nf6 2. Nf3 e6 3. Bf4 d5 4. e3 Nbd7 5. c4 c6 6. Nc3 Be7 7. a3 O-O 8. Ne5
Nxe5 9. dxe5 Ne8 10. cxd5 exd5 11. Bd3 g6 12. g4 Ng7 13. Qf3 Ne6 14. Bh6 Re8
15. h4 Bf8 16. Bxf8 Nxf8 17. Qg3 Qe7 18. f4 b5 19. g5 Bb7 20. h5 a6 21. hxg6
fxg6 22. Rh6 c5 23. Kf2 Rad8 24. Rah1 d4 25. Ne4 dxe3+ 26. Qxe3 Bxe4 27. Bxe4
Rd4 28. b4 Red8 29. bxc5 Qxc5 30. Re1 Qc4 31. Qf3 Ne6 32. Rh4 Nc5 33. Bb1 Nd3+
34. Bxd3 Rxd3 35. Re3 Qc2+ 36. Kf1 Rxe3 37. Qxe3 Rd1+ 38. Qe1 Rxe1+ 39. Kxe1
Qc3+ 0-1

[Event "Winz Baak- Kirchhellen"]
[Site "?"]
[Date "2023.05.14"]
[Round "9.3"]
[White "Andersen, Knut"]
[Black "Groß, Michael"]
[Result "1/2-1/2"]
[WhiteElo "1942"]
[BlackElo "1688"]
[PlyCount "36"]
[SourceDate "2022.10.02"]

1. e4 e5 2. Bc4 Nf6 3. d3 d5 4. exd5 Nxd5 5. Nf3 Nc6 6. Qe2 Bg4 7. h3 Bxf3 8.
Qxf3 Nf6 9. Bb5 Qd6 10. Nc3 Be7 11. O-O O-O 12. Bxc6 bxc6 13. b3 Nd5 14. Ne4
Qg6 15. Bb2 f5 16. Ng3 Bd6 17. Rfe1 Rae8 18. Kh1 e4 1/2-1/2

[Event "Winz Baak- Kirchhellen"]
[Site "?"]
[Date "2023.05.14"]
[Round "9.4"]
[White "Franke, Wolfgang"]
[Black "Borgs, Martin"]
[Result "1/2-1/2"]
[WhiteElo "1836"]
[BlackElo "1899"]
[PlyCount "25"]
[SourceDate "2022.10.02"]

1. d4 Nf6 2. Nc3 d5 3. Bg5 Bf5 4. f3 h6 5. Bf4 c6 6. Qd2 e6 7. a3 Nbd7 8. g4
Bh7 9. O-O-O b5 10. e4 b4 11. axb4 Bxb4 12. e5 Ng8 13. Bd3 1/2-1/2

[Event "Winz Baak- Kirchhellen"]
[Site "?"]
[Date "2023.05.14"]
[Round "9.5"]
[White "Schueppel, Werner"]
[Black "Sueßmann, Holger"]
[Result "1-0"]
[WhiteElo "1915"]
[BlackElo "1633"]
[PlyCount "45"]
[SourceDate "2022.10.02"]

1. d4 Nf6 2. Nf3 g6 3. Nc3 d5 4. Bf4 c6 5. Qd2 Bg7 6. Bh6 O-O 7. h4 Bf5 8. Bxg7
Kxg7 9. Ne5 Nbd7 10. f3 Qc7 11. g4 Be6 12. Nd3 Qg3+ 13. Nf2 Bxg4 14. fxg4 Nxg4
15. Ncd1 Ndf6 16. Rh3 Qg1 17. Qf4 Nxf2 18. Nxf2 Ne4 19. Rf3 f5 20. O-O-O g5 21.
Qe5+ Kg8 22. Nxe4 fxe4 23. Rg3 1-0

[Event "Winz Baak- Kirchhellen"]
[Site "?"]
[Date "2023.05.14"]
[Round "9.6"]
[White "Kotzem, Ernst"]
[Black "Belitz, Marco"]
[Result "1/2-1/2"]
[WhiteElo "1802"]
[BlackElo "1688"]
[PlyCount "92"]
[SourceDate "2022.10.02"]

1. e4 c5 2. Nf3 e6 3. d4 cxd4 4. Nxd4 a6 5. c4 Nf6 6. Bd3 Bc5 7. Bc2 Qb6 8. Be3
Qxb2 9. Nb3 Bxe3 10. fxe3 Qe5 11. O-O O-O 12. N1d2 Nc6 13. Nf3 Qc7 14. Nh4 Nb4
15. a3 Nxc2 16. Qxc2 Ng4 17. Rf4 Nxe3 18. Qf2 Nxc4 19. Rc1 b5 20. Rg4 d5 21.
Qf6 Qe5 22. Rxg7+ Kh8 23. Rg6+ Qxf6 24. Rxf6 dxe4 25. Rcf1 Ne5 26. Nc5 Kg7 27.
h3 Nf3+ 28. Nxf3 Kxf6 29. Nd2+ Ke7 30. Ndxe4 f5 31. Ng5 h6 32. Nf3 Kd6 33. Nd3
Bb7 34. Nd4 Rg8 35. Rf2 Rac8 36. Nf4 Bd5 37. Rd2 Ke7 38. Nxd5+ exd5 39. Nxf5+
Ke6 40. Nxh6 Rg3 41. Re2+ Kd7 42. Rd2 Rg5 43. g4 Rc3 44. h4 Rg6 45. g5 Kc6 46.
Nf7 Rg7 1/2-1/2

[Event "Winz Baak- Kirchhellen"]
[Site "?"]
[Date "2023.05.14"]
[Round "9.7"]
[White "Gajda, Peter"]
[Black "Wesener, Rainer"]
[Result "1/2-1/2"]
[WhiteElo "1811"]
[BlackElo "1693"]
[PlyCount "26"]
[SourceDate "2022.10.02"]

1. d4 f5 2. Nf3 Nf6 3. g3 d6 4. Bg2 g6 5. O-O Bg7 6. c3 O-O 7. Qb3+ e6 8. Ng5
d5 9. c4 c6 10. cxd5 cxd5 11. Nc3 Nc6 12. e3 h6 13. Nf3 Ne4 1/2-1/2

[Event "Winz Baak- Kirchhellen"]
[Site "?"]
[Date "2023.05.14"]
[Round "9.8"]
[White "Wesener, Joern"]
[Black "Miller, Jaroslaw"]
[Result "0-1"]
[WhiteElo "1323"]
[BlackElo "1655"]
[PlyCount "60"]
[SourceDate "2022.10.02"]

1. c4 e5 2. Nc3 Nc6 3. g3 Nf6 4. Bg2 Bb4 5. e3 O-O 6. Nge2 Re8 7. O-O d6 8. d4
e4 9. a3 Bxc3 10. Nxc3 Bf5 11. b4 Qd7 12. b5 Na5 13. Qe2 Be6 14. d5 Bg4 15. f3
exf3 16. Bxf3 Bh3 17. Bg2 Bf5 18. e4 Bg4 19. Bf3 Bxf3 20. Rxf3 Nb3 21. Bb2 Nxa1
22. Bxa1 Qg4 23. Qf1 Qg6 24. Ne2 Nxe4 25. Qd1 Ng5 26. Rf1 Nh3+ 27. Kg2 Qh5 28.
Re1 Qg4 29. Qd2 Ng5 30. Qc3 Rxe2+ 0-1

[Event "FS Dortmund 1 - Bochumer SV 3"]
[Site "Verbandsklasse, Gr. 3 2022/20"]
[Date "2023.05.14"]
[Round "9.1"]
[White "Niekrens, Stefan"]
[Black "Khess, Igor"]
[Result "1/2-1/2"]
[WhiteElo "1968"]
[BlackElo "1989"]
[PlyCount "149"]
[EventDate "2023.??.??"]
[SourceDate "2022.10.02"]
[WhiteTeam "Bochumer SV 3"]
[BlackTeam "FS Dortmund 1"]

1. e4 b6 2. d4 Bb7 3. Bd3 e6 4. Nf3 c5 5. c3 a6 6. O-O cxd4 7. cxd4 d6 8. Nc3
Be7 9. d5 e5 10. Be3 Nf6 11. Qb3 Nbd7 12. h3 O-O 13. a4 Rc8 14. Nd2 Nc5 15.
Bxc5 Rxc5 16. Nc4 Nd7 17. a5 b5 18. Ne3 g6 19. Nc2 Rc8 20. Nb4 Nc5 21. Qd1 Qd7
22. Nc6 Bxc6 23. dxc6 Rxc6 24. Nd5 Kg7 25. Rc1 Bg5 26. Rc3 Ne6 27. Nb6 Qb7 28.
Bb1 Bd8 29. Qd5 Nd4 30. Rxc6 Qxc6 31. Qxc6 Nxc6 32. Nd7 Re8 33. Rc1 Nxa5 34.
Rc8 Re7 35. Rxd8 Nb7 36. Ra8 Rxd7 37. Rxa6 d5 38. exd5 Rxd5 39. Ba2 Rd1+ 40.
Kh2 Ra1 41. Ra7 Nd6 42. b4 Kh6 43. Ra5 Kg5 44. Bxf7 Rb1 45. Bg8 Rxb4 46. Ra6
Ne4 47. Bxh7 Nf6 48. Ra7 Kh6 49. Re7 Nxh7 50. Rxe5 Rb1 51. f4 Kg7 52. Re7+ Kg8
53. g4 Nf6 54. Kg3 Kf8 55. Rb7 b4 56. Kh4 Ne4 57. Rb6 b3 58. Rxg6 Rd1 59. Rb6
Rd6 60. Rb8+ Ke7 61. g5 Nc5 62. f5 Rd7 63. Rb5 Rb7 64. Rxc5 b2 65. Re5+ Kd6 66.
Re6+ Kd5 67. Re1 b1=Q 68. Rxb1 Rxb1 69. Kh5 Ke5 70. Kg6 Rh1 71. f6 Ke6 72. Kg7
Rxh3 73. f7 Rf3 74. f8=Q Rxf8 75. Kxf8 1/2-1/2

[Event "FS Dortmund 1 - Bochumer SV 3"]
[Site "Verbandsklasse, Gr. 3 2022/20"]
[Date "2023.05.14"]
[Round "9.2"]
[White "Mewes, Karsten"]
[Black "Hofer, Stefan"]
[Result "1-0"]
[WhiteElo "1954"]
[BlackElo "1779"]
[PlyCount "69"]
[EventDate "2023.??.??"]
[SourceDate "2022.10.02"]
[WhiteTeam "FS Dortmund 1"]
[BlackTeam "Bochumer SV 3"]

1. Nf3 Nf6 2. c4 g6 3. Nc3 Bg7 4. e4 d6 5. d4 O-O 6. Be2 e5 7. O-O Nc6 8. d5
Ne7 9. b4 a5 10. Ba3 b6 11. bxa5 Rxa5 12. Bb4 Ra8 13. a4 Nd7 14. Nd2 f5 15. f3
f4 16. a5 Nc5 17. axb6 Rxa1 18. Qxa1 cxb6 19. Rb1 g5 20. Qb2 Rf6 21. Bxc5 bxc5
22. Qb6 Qxb6 23. Rxb6 Bf8 24. Nb5 Ng6 25. Nb3 Nh8 26. Nxc5 Nf7 27. Nc7 Nd8 28.
Rb8 dxc5 29. Rxc8 Nb7 30. Ne6 h6 31. Rb8 Na5 32. Rb5 Nc6 33. Nxf8 Nd4 34. Nd7
Ra6 35. Rb2 1-0

[Event "FS Dortmund 1 - Bochumer SV 3"]
[Site "Verbandsklasse, Gr. 3 2022/20"]
[Date "2023.05.14"]
[Round "9.3"]
[White "Abdullayev, Elchin"]
[Black "Alghawi, Abdullah"]
[Result "0-1"]
[WhiteElo "1876"]
[BlackElo "1883"]
[PlyCount "37"]
[EventDate "2023.??.??"]
[SourceDate "2022.10.02"]
[WhiteTeam "Bochumer SV 3"]
[BlackTeam "FS Dortmund 1"]

1. Nf3 Nf6 2. e3 g6 3. d4 Bg7 4. Bd3 O-O 5. b3 d6 6. Bb2 Nbd7 7. c4 e5 8. dxe5
Ng4 9. Nc3 Ndxe5 10. Be2 Nxf3+ 11. gxf3 Nxf2 12. Kxf2 Qh4+ 13. Kg1 Re8 14. Qd3
Rxe3 15. Qxe3 Bd4 16. Bc1 Bh3 17. Bd2 Qg5+ 18. Kf2 Qg2+ 19. Ke1 0-1

[Event "FS Dortmund 1 - Bochumer SV 3"]
[Site "Verbandsklasse, Gr. 3 2022/20"]
[Date "2023.05.14"]
[Round "9.4"]
[White "BrendemÃ¼hl, Bernd"]
[Black "Candogan, Yavus"]
[Result "1-0"]
[WhiteElo "1939"]
[BlackElo "1777"]
[PlyCount "63"]
[EventDate "2023.??.??"]
[SourceDate "2022.10.02"]
[WhiteTeam "FS Dortmund 1"]
[BlackTeam "Bochumer SV 3"]

1. e4 c5 2. Nf3 Nc6 3. d4 cxd4 4. Nxd4 Nf6 5. Nc3 a6 6. Be2 d6 7. Be3 g6 8. O-O
Bg7 9. Kh1 h5 10. f3 Qc7 11. a4 Bd7 12. Nb3 O-O 13. Qd2 Kh7 14. h3 Ne5 15. f4
Nc4 16. Bxc4 Qxc4 17. e5 Ne8 18. Nd5 Qe4 19. Nxe7 Bxh3 20. Rae1 Bf5 21. Nd4
dxe5 22. Ndxf5 gxf5 23. Bg1 Qxa4 24. Nxf5 Rc8 25. b3 Qc6 26. c4 e4 27. Ne7 Qf6
28. Nxc8 Qh4+ 29. Bh2 Nf6 30. Nd6 Rd8 31. c5 b6 32. Qc2 1-0

[Event "FS Dortmund 1 - Bochumer SV 3"]
[Site "Verbandsklasse, Gr. 3 2022/20"]
[Date "2023.05.14"]
[Round "9.5"]
[White "Czarnetzki, Iori"]
[Black "Grube, JÃ¶rg"]
[Result "1/2-1/2"]
[WhiteElo "1749"]
[BlackElo "1825"]
[PlyCount "44"]
[EventDate "2023.??.??"]
[SourceDate "2022.10.02"]
[WhiteTeam "Bochumer SV 3"]
[BlackTeam "FS Dortmund 1"]

1. d4 Nf6 2. c4 e6 3. Nf3 d5 4. Nc3 dxc4 5. e3 a6 6. Bxc4 c5 7. a4 Nc6 8. O-O
cxd4 9. exd4 Be7 10. Re1 O-O 11. h3 Qd6 12. Bg5 Rd8 13. Ne4 Nxe4 14. Bxe7 Nxe7
15. Rxe4 Bd7 16. Ne5 Be8 17. Ra3 Nc6 18. Rd3 Nxe5 19. Rxe5 Rac8 20. Bb3 Qc7 21.
Qg4 Qxe5 22. dxe5 Rxd3 {(=)} 1/2-1/2

[Event "FS Dortmund 1 - Bochumer SV 3"]
[Site "Verbandsklasse, Gr. 3 2022/20"]
[Date "2023.05.14"]
[Round "9.7"]
[White "Lampe, Thomas"]
[Black "SchlÃ¤ger, Reiner"]
[Result "1-0"]
[WhiteElo "1901"]
[BlackElo "1593"]
[PlyCount "45"]
[EventDate "2023.??.??"]
[SourceDate "2022.10.02"]
[WhiteTeam "Bochumer SV 3"]
[BlackTeam "FS Dortmund 1"]

1. e4 e5 2. f4 d5 3. exd5 e4 4. d3 exd3 5. Qxd3 Nf6 6. Nc3 Bd6 7. Nf3 O-O 8.
Be2 Re8 9. O-O Bc5+ 10. Kh1 Ng4 11. Ng5 g6 12. Nce4 Be7 13. Qc4 Bxg5 14. fxg5
Bf5 15. Ng3 Ne5 16. Qb3 Qd6 17. Bf4 Nbd7 18. Rad1 Qc5 19. c4 Ng4 20. Bxg4 Bxg4
21. Rd2 Ne5 22. Qc3 Nxc4 23. Rd4 1-0

[Event "FS Dortmund 1 - Bochumer SV 3"]
[Site "Verbandsklasse, Gr. 3 2022/20"]
[Date "2023.05.14"]
[Round "9.8"]
[White "Surmann, Christoph"]
[Black "Hartenberg, Yannick"]
[Result "1-0"]
[WhiteElo "1818"]
[BlackElo "1644"]
[PlyCount "61"]
[EventDate "2023.??.??"]
[SourceDate "2022.10.02"]
[WhiteTeam "FS Dortmund 1"]
[BlackTeam "Bochumer SV 3"]

1. d4 d5 2. c4 e6 3. Nc3 Nf6 4. cxd5 exd5 5. Bg5 Be7 6. Qc2 O-O 7. e3 h6 8. Bh4
Be6 9. Bd3 Nbd7 10. Nge2 c5 11. dxc5 Nxc5 12. Rd1 Rc8 13. O-O Qb6 14. Nd4 Rfd8
15. a3 Rd7 16. Na4 Qd8 17. Bxf6 Nxa4 18. Qxa4 Bxf6 19. Bb1 a6 20. Qb3 Qe7 21.
Qd3 g6 22. f4 Rdc7 23. f5 Bxd4 24. fxe6 Bf6 25. exf7+ Qxf7 26. Ba2 Qe7 27.
Qxg6+ Bg7 28. Bxd5+ Kh8 29. Be4 Bxb2 30. Qxh6+ Kg8 31. Bd5+ 1-0

[Event "Sterkrade 2- Kupferdreh"]
[Site "?"]
[Date "2023.05.14"]
[Round "9.1"]
[White "Schaefer, Johannes"]
[Black "Schelwokat, Peter"]
[Result "0-1"]
[WhiteElo "1885"]
[BlackElo "1865"]
[PlyCount "54"]
[SourceDate "2022.10.02"]

1. d4 Nf6 2. Bf4 d6 3. Nc3 c6 4. e4 g6 5. Qd2 Bg7 6. Bh6 O-O 7. O-O-O Qa5 8.
Kb1 Be6 9. d5 Bxh6 10. Qxh6 cxd5 11. Qg5 Ng4 12. Nh3 f6 13. Qf4 dxe4 14. Be2
Ne5 15. Qxe4 Nbc6 16. Rhe1 Rac8 17. Nf4 Bf7 18. Nfd5 Rfe8 19. h4 Kg7 20. f4 f5
21. Qe3 e6 22. fxe5 exd5 23. Qg5 dxe5 24. h5 h6 25. Qg3 g5 26. Bb5 d4 27. Qf3
dxc3 0-1

[Event "Sterkrade 2- Kupferdreh"]
[Site "?"]
[Date "2023.05.14"]
[Round "9.2"]
[White "Kantor, Nikita"]
[Black "Krimphoff, Ingo"]
[Result "0-1"]
[WhiteElo "1909"]
[BlackElo "1995"]
[PlyCount "86"]
[SourceDate "2022.10.02"]

1. d4 d5 2. Nf3 Nf6 3. c3 c6 4. Qc2 g6 5. Bf4 Bf5 6. Qb3 Qb6 7. e3 Bg7 8. c4
O-O 9. Nbd2 Nbd7 10. c5 Qxb3 11. axb3 Nh5 12. Ne5 Nxf4 13. exf4 f6 14. Nxd7
Bxd7 15. Be2 e5 16. g3 exf4 17. h4 fxg3 18. fxg3 Rfe8 19. Kf2 Bh6 20. Nf1 Bf5
21. h5 Be4 22. Rh2 Bg5 23. g4 Bc2 24. b4 gxh5 25. gxh5 Re4 26. b5 cxb5 27. Bxb5
Rxd4 28. c6 bxc6 29. Bxc6 Rb8 30. Rxa7 Rxb2 31. Rb7 Rxb7 32. Bxb7 Be4 33. Rh3
Rb4 34. Ba6 Rb2+ 35. Ke1 Kf7 36. Rc3 Ke6 37. Rc8 Ke5 38. Be2 Kd4 39. Ra8 f5 40.
Ra3 h6 41. Ng3 Bh4 42. Kd1 Rb1+ 43. Kd2 Bg5+ 0-1